Industrial and organizational psychology: perspectives on science and practice (Record no. 38276)

MARC details
000 -LEADER
fixed length control field 00627nam a2200157Ia 4500
022 ## - INTERNATIONAL STANDARD SERIAL NUMBER
ISSN 17549426
050 ## - CALL MARK
Classification number HF 5548.7 .I528/
245 #0 - TITLE STATEMENT
Title Industrial and organizational psychology: perspectives on science and practice
260 ## - PUBLICATION, DISTRIBUTION, ETC. (IMPRINT)
Name of publisher Malden, MA : Blackwell Pub. Wiley Subcription Services, Inc.
260 ## - PUBLICATION, DISTRIBUTION, ETC. (IMPRINT)
Year of publication 2011
300 ## - PHYSICAL DESCRIPTION
Number of Pages 143 p. ; 26 cm.
650 ## - SUBJECT ADDED ENTRY--TOPICAL TERM
Topical Term Psychology, Industrial--Periodicals. Organizational behavior--Psychological aspects--Periodicals. Organizational behavior--Psychological aspects. Psychology, Industrial.
942 ## - ADDED ENTRY ELEMENTS (KOHA)
Koha item type Serials

No items available.